Nomeie Essa Letra Grega - Statistics

Estatísticas Gerais
  • Esse quiz foi jogado 14 591 vezes
  • A pontuação média é 9 de 24
Estatísticas das Respostas
Símbolo Nome % Correto
Α α Alfa
89%
Π π Pi
89%
Β β Beta
85%
Δ δ Delta
78%
Ω ω Ômega
72%
Θ θ Teta
49%
Μ μ Mi
44%
Λ λ Lambda
42%
Ζ ζ Zeta
42%
Σ σ Sigma
39%
Γ γ Gama
38%
Ε ε Épsilon
35%
Φ φ Fi
33%
Ρ ρ
30%
Ψ ψ Psi
24%
Κ κ Capa
19%
Ο ο Ômicron
19%
Ν ν Ni
18%
Τ τ Tau
18%
Η η Eta
14%
Ι ι Iota
14%
Υ υ Úpsilon
14%
Χ χ Qui
12%
Ξ ξ Csi
11%
Nenhum quiz correspondente encontrado
Distribuição das Pontuações
Porcentagem de Pessoas com Cada Pontuação
Percentil de Números Respondidos
Sua Pontuação Histórica
Você não jogou esse quiz